[Event "Top 12 FRA-chT 2017"]
[Site "Chartres"]
[Date "2017.05.22"]
[Round "5"]
[White "Gledura, Benjamin"]
[Black "Bachmann, Axel"]
[Result "1-0"]
[WhiteElo "2602"]
[BlackElo "2646"]
[Annotator "TA"]
[PlyCount "98"]
[EventDate "2017.??.??"]
[EventType "team-tourn"]
[EventCountry "FRA"]
[SourceTitle "playchess.com"]
[Source "ChessBase"]
[SourceQuality "1"]
[WhiteTeam "Mulhouse Philidor"]
[BlackTeam "Bois-Colombes"]

{[%evp 18,98,0,12,14,0,0,-2,12,34,44,36,23,-18,18,11,12,18,14,14,10,6,45,-8,104,109,66,69,167,129,188,196,187,181,221,200,220,107,119,116,118,86,182,163,167,177,168,164,161,168,165,64,59,52,37,66,232,230,1633,1568,1564,1283,1903,1709,4067,3503,3959,2767,5093,4135,29970,29973,12032,7212,29977,29978,29977,29978,29980,29979,29982,29983,29982]} 1. e4 c5 2. Nf3 Nc6 3. d4 cxd4 4. Nxd4 e6 5. Nc3 Qc7 6. Be3 a6 7. Qd2 Nf6 8. f4 {B48: Sicilian: Taimanov: 5 Nc3 Qc7 6 Be3 a6 without Be2} (8. O-O-O Be7 9. f3 b5 10. g4 Nxd4 11. Bxd4 Bb7 12. Kb1 O-O 13. h4 b4 14. Na4 d5 15. e5 Nd7 16. Qe3 {1-0 (40) Caruana,F (2817)-Pichot,A (2556) chess.com INT 2017}) 8... d6 9. O-O-O Bd7 10. Be2 {LiveBook: 7 Games. The position is equal.} b5 {aiming for ...b4.} 11. Bxb5 axb5 12. Ndxb5 Qa5 $146 ({Predecessor:} 12... Qb8 13. Nxd6+ Bxd6 14. Qxd6 Qxd6 15. Rxd6 Ng4 {0-1 (34) Watt,A-Simpson,J (2265) Durham 2003}) 13. Nxd6+ Bxd6 14. Qxd6 O-O-O 15. e5 Be8 16. Qc5 Qxc5 17. Bxc5 Nd5 18. Nxd5 exd5 19. Rhe1 h5 20. Bd6 ({Better is} 20. Re3 $14) 20... Bd7 (20... d4 $1 $11 {remains equal.}) 21. Rxd5 $16 Be6 22. Rb5 $36 {[%mdl 2048] White is pushing.} h4 (22... Nd4 $1 $14 23. Rb6 Nf5) 23. Re3 {Threatens to win with Rc3.} Kd7 (23... Bf5 $16 {is a better defense.} 24. b4 (24. Rc3 Be4 $18) 24... Kd7 25. Rb7+ Ke6) 24. Rb7+ $18 Ke8 25. Rc3 $1 {[%cal Rc3c6]} Rc8 26. b4 {Hoping for b5.} h3 {[#]} 27. gxh3 (27. g4 $1 $18 {[%mdl 512] and White stays clearly on top.} Nd4 (27... Bxg4 28. b5) 28. Rxc8+ Bxc8 29. Re7+ Kd8 30. Rxf7) 27... Rxh3 $16 28. Rxh3 Bxh3 29. a4 {[%cal Ba2a4,Ba4a5][%mdl 32]} Bd7 (29... Nd4 $16 30. Kd2 Nf3+ 31. Ke3 Rc3+ 32. Ke4 Be6) 30. a5 $1 $18 Nd4 31. Kd2 $1 Nf3+ {[#]} 32. Kd1 $1 {Black must now prevent a6.} Bg4 {intending ...Nxe5+.} 33. Kc1 Nd4 {[#]} 34. Bc5 (34. Kd2 $1 $18) 34... Ne6 $1 $14 35. Re7+ Kd8 $1 36. Rxf7 {And now a6 would win.} Nxc5 $2 (36... Bh5 $1 $14 37. Ra7 Nxc5) 37. bxc5 $18 Rc7 $2 (37... Rc6 38. Rxg7 Bf5) 38. Rxc7 Kxc7 {[%mdl 4096] Endgame KB-KP} 39. Kd2 Kc6 40. a6 Bc8 41. a7 Kb7 42. Ke3 Kxa7 43. Ke4 Kb7 44. f5 Kc6 45. f6 gxf6 46. exf6 {White mates.} Be6 47. Kf4 Kxc5 48. Kg5 Bf7 49. h4 Kd5 {Precision: White = 65%, Black = 21%.} 1-0

[Event "Top 12 FRA-chT 2017"]
[Site "Chartres"]
[Date "2017.05.22"]
[Round "5"]
[White "Stevic, Hrvoje"]
[Black "Brochet, Philippe"]
[Result "1/2-1/2"]
[WhiteElo "2600"]
[BlackElo "2409"]
[Annotator "TA"]
[PlyCount "150"]
[EventDate "2017.??.??"]
[EventType "team-tourn"]
[EventCountry "FRA"]
[SourceTitle "playchess.com"]
[Source "ChessBase"]
[SourceQuality "1"]
[WhiteTeam "Nice Alekhine"]
[BlackTeam "Montpellier"]

{[%evp 11,150,12,15,-35,-22,-12,-16,-8,27,20,80,58,70,70,69,37,37,35,39,-63,0,0,0,-30,-27,-29,-32,-63,-53,-85,-13,-11,-14,-10,-12,-14,-9,-46,-32,-109,-110,-111,-111,-111,-111,-111,-111,-111,-111,-112,-111,-115,-112,-127,-112,-167,-165,-164,-143,-182,-185,-458,-443,-443,-443,-443,-185,-6158,-5553,-5093,-29964,-29964,-29968,-29971,-29972,-12816,-12831,-29973,-29974,-12847,-12845,-5405,-5405,-5393,-14,-14,-14,-14,-14,-14,-14,-14,-14,-14,-14,-14,-14,-14,-14,-14,-14,-14,0,0,0,-14,0,-14,-8,-8,-8,-14,-8,-8,0,-14,-8,-8,-8,-8,-8,-8,-8,-8,-8,-14,0,0,0,0,0,0,0,0,0,0,0,-8,0,-8,-8]} 1. e4 e5 2. Nf3 Nf6 3. Nc3 Bb4 4. Nxe5 O-O 5. Nd3 Bxc3 6. dxc3 Nxe4 7. Qf3 {C42: Petroff Defence: 3 Nxe5 and unusual White 3rd moves} (7. Be2 d6 8. O-O Nd7 9. Bf3 Ndf6 10. c4 Re8 11. Be3 h6 12. Re1 Bf5 13. Nf4 c6 14. Bd4 Qd7 15. h3 Re7 16. Bxe4 Nxe4 {½-½ (58) Amonatov,F (2620)-Li,C (2720) Doha 2016}) 7... d5 8. Be3 Nd7 $146 ({Predecessor:} 8... Qf6 9. Qxf6 Nxf6 10. f3 Re8 11. Kf2 Nbd7 12. Be2 c6 13. Rhe1 b6 14. Bf1 Bb7 {1-0 (45) Morin,A (2072)-Izbranov,A (2075) Krasnoyarsk 2016}) 9. O-O-O c6 10. Qf4 Qf6 (10... Re8 $11) 11. f3 Nd6 12. g4 Re8 13. Bd4 Qxf4+ 14. Nxf4 b6 15. c4 (15. Bf2 $14) 15... Nxc4 (15... c5 $15 16. Bf2 d4) 16. Bxc4 $11 dxc4 17. Rhe1 Rxe1 $1 18. Rxe1 c5 19. Re8+ Nf8 20. Bxg7 Bb7 (20... Kxg7 $17 21. Nh5+ Kg6 22. Rxf8 Bb7 23. Nf4+ Kg7 24. Rxa8 Bxa8) 21. Re7 {Hoping for Bxf8.} Bxf3 22. Bc3 Bxg4 23. Nd5 {Black must now prevent Nf6+.} Be6 24. Nc7 Rd8 25. Ne8 ({White should play} 25. Nxe6 $15 Nxe6 26. Rxa7) 25... Nd7 $17 {...Kf8 is the strong threat.} 26. Nc7 Kf8 27. Rxe6 fxe6 28. Nxe6+ Ke7 29. Nxd8 Kxd8 {[%mdl 4096] Endgame KB-KN} 30. Kd2 Ke7 31. Ke3 b5 {[%cal Bb6b5,Bb5b4][%mdl 32]} 32. Kf4 b4 33. Be1 (33. Be5 $17) 33... a5 $19 {[%cal Ba7a5,Ba5a4][%mdl 32]} 34. Kf5 a4 35. h4 Kd6 36. h5 $2 (36. Kf4) 36... b3 37. cxb3 axb3 38. axb3 cxb3 39. Kg5 $2 (39. Ke4) 39... Nb6 40. Kh6 Ke6 41. Kxh7 Kf7 $1 ({And not} 41... Na4 42. Kg8 $11) 42. Bd2 Nd5 43. Kh6 c4 44. Bc1 {[#]} Nb4 $1 {[%cal Rb4d3]} 45. Kg5 Na2 46. Be3 c3 47. h6 {[#]} cxb2 $2 (47... c2 $1 $19 {[%cal Rc2c1]} 48. Kf5 c1=Q 49. Bxc1 Nxc1) 48. h7 $11 {The position is equal.} b1=Q 49. h8=Q {Intending Qf6+ and mate.} Qg6+ 50. Kf4 Nb4 51. Bd4 $1 Nd5+ 52. Kf3 Nf6 53. Qd8 Qd3+ 54. Kg2 Qe2+ 55. Kg3 Qe1+ 56. Kg2 Qd2+ 57. Kf3 Qd3+ 58. Kg2 Qg6+ 59. Kf3 Qf5+ 60. Ke2 Nd5 61. Qh8 Nf4+ 62. Ke3 $1 Nd5+ 63. Ke2 Qc2+ 64. Kf3 Qd3+ 65. Kf2 Qd2+ 66. Kf3 Qf4+ 67. Ke2 Qe4+ 68. Kf2 Nf4 69. Qg7+ Ke6 {And now ...Qe2+ would win.} 70. Qg8+ Kd7 71. Qf7+ Kd6 (71... Kc6 $5 72. Qc4+ $8 Kd6 $11) 72. Qf8+ Kd5 73. Qc5+ Ke6 {( -> ...Nd3+)} 74. Qc4+ Nd5 75. Qe2 Qxe2+ {Precision: White = 47%, Black = 57%.} 1/2-1/2

[Event "Top 12 FRA-chT 2017"]
[Site "Chartres"]
[Date "2017.05.22"]
[Round "5"]
[White "Istratescu, Andrei"]
[Black "Shoker, Samy"]
[Result "1-0"]
[WhiteElo "2596"]
[BlackElo "2498"]
[Annotator "TA"]
[PlyCount "81"]
[EventDate "2017.??.??"]
[EventType "team-tourn"]
[EventCountry "FRA"]
[SourceTitle "playchess.com"]
[Source "ChessBase"]
[SourceQuality "1"]
[WhiteTeam "Mulhouse Philidor"]
[BlackTeam "Bois-Colombes"]

{[%evp 9,81,30,36,4,62,61,61,56,62,63,63,63,77,67,78,80,162,147,174,128,139,121,132,130,152,111,113,97,101,104,110,104,111,125,114,86,89,56,283,212,444,435,360,404,512,443,433,447,436,422,1894,2022,1964,1849,1712,707,639,516,615,584,620,608,1160,735,958,665,1093,760,693,643,782,765,29967,29959]} 1. e4 d6 2. d4 Nf6 3. f3 c5 4. d5 e6 5. c4 b5 (5... exd5 6. cxd5 Be7 7. Nc3 O-O 8. Nge2 Nh5 9. g4 Bh4+ 10. Kd2 Nf6 11. Ng3 Na6 12. Kc2 {1-0 (53) Gelfand,B (2759)-Kramnik,V (2760) Sochi 2014}) 6. Ne2 {B07: Pirc Defence: Miscellaneous Systems} exd5 $146 (6... bxc4 $11 7. Nec3 Be7) ({Predecessor:} 6... bxc4 7. Nec3 Nbd7 8. Bxc4 Nb6 9. Bb5+ Bd7 10. Bxd7+ Qxd7 11. O-O exd5 12. Nxd5 Nfxd5 13. exd5 {1-0 (37) Markotic,G (2345)-Micheli,C (2300) Mendrisio 1988}) 7. cxd5 $14 g6 8. Ng3 {[%cal Be2g3,Bg3f1,Bf1d2,Bd2c4][%mdl 32] White is slightly better.} a6 9. a4 b4 10. Nd2 h5 11. Be2 h4 12. Ngf1 Nh5 (12... Nbd7 $16 {was worth a try.}) 13. Nc4 $18 h3 14. g3 a5 15. Be3 Ba6 16. Nfd2 Nd7 17. Qc2 Nb6 18. Nxb6 Qxb6 19. Bxa6 Qxa6 20. Nc4 Nf6 21. O-O Nd7 22. Bf4 Be7 23. Rfe1 {Black must now prevent e5.} g5 $2 (23... O-O $14) 24. e5 {[%cal Be4e5,Be5e6][%mdl 32]} O-O $2 (24... dxe5 25. Nxe5 (25. Bxe5 Nxe5 26. Nxe5 O-O $16) 25... Nxe5 26. Bxe5 O-O) 25. e6 b3 26. Qc1 ({Less strong is} 26. Qxb3 gxf4 27. exd7 Bf6 $18) 26... fxe6 {[#]} 27. Bxd6 $1 {[%mdl 512]} Bf6 (27... Bxd6 28. Qxg5+) 28. Rxe6 Qb7 {[#]} 29. Rxf6 $1 Rxf6 (29... Nxf6 $142 30. Bxf8 (30. Bxc5 Qxd5 31. Ne3 Qxf3 $14) 30... Rxf8 31. Qxg5+ Qg7 32. Qxg7+ Kxg7 33. Nxa5 Rb8) 30. Qxg5+ Kh8 31. Be5 Raf8 32. Bxf6+ (32. Bc3 $142) 32... Nxf6 33. Rd1 Nh7 34. Qe5+ Kg8 35. Qe6+ Kg7 36. Qxh3 Qe7 37. Qg4+ Kh8 38. Qe4 Qg7 39. Qe5 Nf6 40. d6 {[%cal Bd5d6,Bd6d7][%mdl 32]} Qg6 41. d7 {Precision: White = 72%, Black = 41%.} 1-0

[Event "Top 12 FRA-chT 2017"]
[Site "Chartres"]
[Date "2017.05.22"]
[Round "5"]
[White "Cornette, Matthieu"]
[Black "Gajewski, Grzegorz"]
[Result "1/2-1/2"]
[WhiteElo "2593"]
[BlackElo "2634"]
[Annotator "TA"]
[PlyCount "135"]
[EventDate "2017.??.??"]
[EventType "team-tourn"]
[EventCountry "FRA"]
[SourceTitle "playchess.com"]
[Source "ChessBase"]
[SourceQuality "1"]
[WhiteTeam "Bois-Colombes"]
[BlackTeam "Mulhouse Philidor"]

{[%evp 13,135,14,17,17,18,17,20,13,21,27,30,18,22,15,22,10,18,1,7,0,5,0,0,0,0,0,0,0,-10,-21,0,0,0,0,0,-8,17,0,55,52,48,49,63,65,72,32,151,137,212,133,199,185,261,258,250,256,253,237,226,222,341,341,292,198,198,198,198,198,198,0,206,206,206,206,209,45,62,83,85,0,0,0,0,8,13,14,652,509,29937,29955,29956,29956,29953,29954,29957,29949,29953,12823,12813,6079,29973,0,0,0,0,0,0,0,0,0,0,0,0,0,0,0,0,0,0,0,0,0,0,0]} 1. d4 Nf6 2. c4 e6 3. g3 Bb4+ 4. Nd2 d5 5. Bg2 O-O 6. Ngf3 b6 7. O-O Bb7 8. b3 {E16: Queen's Indian: 4 g3 Bb7 5 Bg2 Bb4+} Re8 9. Bb2 Nbd7 10. Rc1 Bf8 $146 ({Predecessor:} 10... Rc8 11. a3 Bf8 12. Ne5 c5 13. Nxd7 Nxd7 14. dxc5 bxc5 15. Nb1 Ba6 16. cxd5 exd5 17. Qxd5 Rxe2 {½-½ (31) Wei,Y (2700)-Yu,Y (2738) China 2016}) 11. Ne5 Nxe5 12. dxe5 Nd7 $1 13. Qc2 c6 14. e4 Rc8 15. Rfd1 b5 16. cxb5 cxb5 17. Qd3 Rxc1 18. Rxc1 Nc5 19. Qe3 Nxe4 20. Nxe4 dxe4 21. Bxe4 Bxe4 22. Qxe4 Qd2 23. Rc2 Qd1+ 24. Kg2 Rd8 25. Rc1 Qd5 ({Black should try} 25... Qd7 $11) 26. Qxd5 $14 Rxd5 {[%mdl 4096] Endgame KRB-KRB} 27. Rc8 b4 28. Kf3 f5 29. Ke3 g5 (29... Ra5 $14) 30. a4 $1 $16 Rd1 (30... Kf7 $16) 31. Rc1 Rd5 {[#]} (31... Rd7 $16) 32. Bd4 $1 $18 a6 (32... a5 $142 33. Rc7 h6) 33. Rc6 Kf7 34. Rxa6 Bc5 35. Bxc5 Rxc5 {KR-KR} 36. Kd4 Rc3 (36... Rd5+ {was necessary.} 37. Kc4 Rxe5) 37. Ra7+ Kg6 38. Re7 Rxb3 39. Rxe6+ Kg7 40. Re7+ Kg6 41. Re6+ Kg7 $1 42. Rb6 Rf3 43. a5 Rxf2 44. a6 $2 (44. Rxb4 $18 Ra2 45. Rb7+ Kg6 46. Rb6+ Kf7 47. a6) 44... Ra2 $14 45. Kc4 f4 46. gxf4 ({Resist} 46. Kxb4 $6 f3 $18) ({Better is} 46. Kb3 $16 Ra1 47. Rf6 (47. Kxb4 f3 $16)) 46... gxf4 $11 47. Rf6 ({Don't play} 47. Kxb4 $6 f3 $16) 47... f3 48. Kxb4 {Hoping for Kb5.} f2 49. Kb5 h5 $2 {[%mdl 8192]} (49... Rb2+ $11 50. Kc5 Rc2+ 51. Kd4 Rd2+ 52. Kc5 Rc2+ 53. Kd6 Ra2) 50. Rf3 $18 Kg6 (50... Re2 $18 51. Kb6 Rb2+ 52. Ka7 Re2) 51. e6 Rb2+ 52. Kc6 Ra2 53. Kb7 Rb2+ 54. Kc7 Rc2+ 55. Kd7 Rd2+ 56. Ke7 (56. Ke8 $142 Rd6 57. e7) 56... Kg7 57. h4 $2 (57. a7 {mates} Ra2 58. Rf7+ Kg8 {[#]} 59. Rxf2 $3 {[%mdl 512]} Rxa7+ 60. Kf6 Kf8 61. Rc2 Ra8 62. Rc5) 57... Ra2 $11 {The position is equal.} 58. Rf7+ Kg8 $1 59. Rf8+ (59. Kd7 $5 {[%cal Re6e7]} Rxa6 60. Rxf2 $16) 59... Kg7 60. Rf3 (60. Rf6 $5 {[%cal Rf6f7]}) 60... Rxa6 61. Rxf2 {Intending Rg2+ and mate.} Ra7+ 62. Kd6 Ra6+ 63. Ke5 {Strongly threatening Rg2+.} Ra5+ $1 64. Ke4 {Black must now prevent Rf5.} Ra4+ 65. Kf5 {Kg5 is the strong threat.} Ra5+ $1 66. Kf4 {next Re2 is good for White.} Kf6 67. Re2 {And now e7 would win.} Rf5+ 68. Ke4 {Precision: White = 66%, Black = 58%.} 1/2-1/2

[Event "Top 12 FRA-chT 2017"]
[Site "Chartres"]
[Date "2017.05.22"]
[Round "5"]
[White "Degraeve, Jean-Marc"]
[Black "Stephan, Victor"]
[Result "0-1"]
[WhiteElo "2592"]
[BlackElo "2365"]
[Annotator "TA"]
[PlyCount "108"]
[EventDate "2017.??.??"]
[EventType "team-tourn"]
[EventCountry "FRA"]
[SourceTitle "playchess.com"]
[Source "ChessBase"]
[SourceQuality "1"]
[WhiteTeam "Saint Quentin"]
[BlackTeam "Lisieux"]

{[%evp 9,108,0,0,0,0,0,14,14,29,0,26,-2,45,27,49,35,43,44,190,188,207,201,219,209,209,210,304,332,351,357,410,418,410,370,489,487,541,546,532,519,810,397,391,384,406,406,289,49,52,50,51,42,46,44,62,49,195,193,183,185,179,190,281,225,481,76,91,85,119,0,56,82,342,268,254,174,134,102,95,-12834,-12835,-12836,293,-12837,-12837,-12839,-12839,-12839,-12839,-12841,-12841,-12841,-12842,-12842,-12841,-12843,-12842,-12844,-12844,-12845,-12845]} 1. e4 c5 2. Nc3 a6 3. g3 b5 4. Bg2 Bb7 5. a4 (5. d3 e6 6. Nh3 b4 7. Ne2 d5 8. e5 Nc6 9. f4 Nh6 10. Nf2 Nf5 11. O-O Qb6 12. c3 Be7 13. g4 Nh4 14. Bh1 {0-1 (35) Yu,Y (2738)-Khismatullin,D (2639) Moscow 2017}) 5... b4 6. Nd5 {B23: Closed Sicilian: Lines without g3} e6 7. Ne3 d6 8. d3 {The position is equal.} Nd7 $146 ({Predecessor:} 8... Nf6 9. Ne2 Nc6 10. O-O Be7 11. f4 h5 12. f5 e5 {0-1 (37) Protic,D (2168)-Dinic,G (2238) Belgrade 2011}) 9. f4 Qc7 10. Nf3 Ngf6 11. O-O Be7 12. b3 h6 13. Bb2 O-O-O (13... O-O $14) 14. c3 $18 bxc3 15. Bxc3 d5 16. e5 {[%cal Be4e5,Be5f6,Bf6g7][%mdl 32]} d4 17. Bxd4 $1 (17. exf6 Bxf6 18. Bxd4 Bxf3 $16) 17... cxd4 (17... Nd5 $142 18. Nxd5 Bxd5) 18. exf6 Bc5 19. fxg7 dxe3 20. Qe2 (20. d4 Rhg8 $18) 20... Rhg8 {And now ...Qd6 would win.} 21. Rac1 e5 22. fxe5 Bxf3 23. Bxf3 Nxe5 24. b4 Nxd3 (24... Bd4 $142 25. Rxc7+ Kxc7) 25. Rxc5 (25. Be4 $142 Nxb4 26. Rf5 Rd1+ 27. Rxd1) 25... Nxc5 26. Rc1 (26. bxc5 Rxg7 27. Qxa6+ Kd7 $18) 26... Rd2 27. Qxe3 Rd3 28. Qxh6 $2 ({And not} 28. Qxc5 Qxc5+ 29. Rxc5+ Kb8 $15) (28. Qe2 $18 Qd6 29. Kh1 (29. bxc5 Qd4+ 30. Kh1 Qe3 $16)) 28... Qd6 $1 $14 {[%cal Rd6h6]} 29. Qh5 Qd4+ 30. Kh1 Rc3 31. Rxc3 Qxc3 32. bxc5 (32. Qxc5+ Qxc5 33. bxc5 Rxg7 $15) 32... Rxg7 {[%mdl 4096] Endgame KQR-KQB} (32... Qxg7 $14 33. Qf5+ Kc7) 33. Qf5+ $18 Kc7 34. Qf4+ $1 Kc8 35. Bg4+ $1 f5 (35... Kb7 {was worth a try.}) 36. Qxf5+ Kb7 $2 (36... Kb8 37. h4 Rc7) 37. Qb1+ $2 (37. Qf3+ $18 {and the rest is easy.} Qxf3+ 38. Bxf3+ Kc7 39. c6) 37... Ka8 $16 38. Qe4+ Ka7 {[#]} 39. c6 (39. Kg2 $1 $16) 39... Rf7 (39... Rxg4 $11 40. Qxg4 Qxc6+ 41. Kg1 Qc5+ 42. Kf1 Qc1+ 43. Ke2 Qc2+ 44. Kf1 Qc1+ 45. Kf2 Qc5+ 46. Kf1 Qc1+) 40. Kg2 $14 Qc5 $2 {[%mdl 8192]} (40... Kb6 $16 {was called for.}) 41. h4 Re7 ({But not} 41... Qf2+ $6 42. Kh3 $18) 42. Qf3 Kb6 43. Bd7 Re3 44. Qf4 $2 {[%mdl 8192] [#]} (44. Qf2 $16) 44... Qd5+ $1 $19 45. Kh3 Qh1+ 46. Kg4 Re4 {Black is clearly winning.} 47. h5 Qd1+ 48. Kg5 Rxf4 49. gxf4 Qxa4 50. h6 Qb4 51. f5 a5 {[%cal Ba6a5,Ba5a4][%mdl 32]} 52. f6 Qf8 53. h7 Qh8 54. Kg6 a4 {Precision: White = 50%, Black = 48%.} 0-1

[Event "Top 12 FRA-chT 2017"]
[Site "Chartres"]
[Date "2017.05.22"]
[Round "5"]
[White "Tregubov, Pavel V"]
[Black "Sebag, Marie"]
[Result "1-0"]
[WhiteElo "2584"]
[BlackElo "2488"]
[Annotator "TA"]
[PlyCount "79"]
[EventDate "2017.??.??"]
[EventType "team-tourn"]
[EventCountry "FRA"]
[SourceTitle "playchess.com"]
[Source "ChessBase"]
[SourceQuality "1"]
[WhiteTeam "Clichy"]
[BlackTeam "Strasbourg"]

{[%evp 20,79,16,0,2,6,16,-23,66,66,76,75,63,43,60,18,32,24,40,50,66,8,34,0,25,20,18,18,38,31,31,31,31,31,31,31,39,38,64,47,117,67,118,118,151,150,140,141,161,114,134,139,139,111,310,291,339,318,371,364,354,345]} 1. d4 d5 2. c4 c6 3. Nf3 Nf6 4. e3 Bg4 5. h3 Bh5 6. Nc3 e6 7. Qb3 {D11: Slav Defence: 3 Nf3 sidelines and 3...Nf6 4 e3 Bg4} (7. g4 Bg6 8. Ne5 Nbd7 9. Nxg6 hxg6 10. a3 g5 11. Bd2 g6 12. Qf3 a6 13. Bd3 dxc4 14. Bxc4 b5 15. Bf1 c5 {1-0 (50) Andreikin,D (2736)-Aronian,L (2780) Wijk aan Zee 2017}) 7... Qb6 8. Ne5 Nbd7 9. g4 Bg6 10. Nxg6 hxg6 11. g5 {LiveBook: 11 Games} Qxb3 12. axb3 Ng8 13. e4 dxc4 $146 (13... dxe4 $1 $11 14. Bg2 Ne7) ({Predecessor:} 13... Bb4 14. Bd2 Ne7 {½-½ (22) Bates,R (2375)-Duff,R (2157) Torquay 2013}) 14. bxc4 $14 e5 15. dxe5 Nxe5 16. Be3 Nd7 17. Bg2 Bc5 18. Ke2 Bxe3 19. Kxe3 ({Much weaker is} 19. fxe3 Ne7 $15) 19... Rh4 20. b4 (20. f4 $14) 20... f6 21. b5 fxg5 22. bxc6 bxc6 23. Ra5 Nb6 24. Rxg5 Nxc4+ 25. Kd3 Nd6 26. Rxg6 Rd8 $1 27. Ke2 Kf7 28. Rg5 $36 {[%mdl 2048] White fights for an advantage.} Ne7 29. Ra1 Ndc8 (29... Ng6 $14) 30. Ke3 Rh6 ({Black should try} 30... Nd6 $14) 31. Bf1 Rhd6 32. Bc4+ Kf8 33. Rh5 {[#] Black must now prevent Rh8+.} Ng6 34. Rg1 {Hoping for Rf5+.} Nb6 35. Be2 Re6 36. Rf5+ Ke7 $2 {[#]} (36... Kg8 $16 {was necessary.}) 37. Rfg5 $1 $18 {[%cal Rg5g6]} Nh4 38. Rxg7+ Kf6 {Threatens to win with ...Nf5+.} 39. Rh7 Nf5+ 40. Kf4 {Precision: White = 47%, Black = 44%.} 1-0

[Event "Top 12 FRA-chT 2017"]
[Site "Chartres"]
[Date "2017.05.22"]
[Round "5"]
[White "Sumets, Andrey"]
[Black "Godard, Maxence"]
[Result "1-0"]
[WhiteElo "2566"]
[BlackElo "2329"]
[Annotator "TA"]
[PlyCount "81"]
[EventDate "2017.??.??"]
[EventType "team-tourn"]
[EventCountry "FRA"]
[SourceTitle "playchess.com"]
[Source "ChessBase"]
[SourceQuality "1"]
[WhiteTeam "Saint Quentin"]
[BlackTeam "Lisieux"]

{[%evp 12,81,38,40,48,55,47,25,42,23,18,19,32,20,28,32,18,19,30,27,29,29,44,10,0,6,16,12,95,90,150,114,260,236,313,293,291,277,451,475,382,273,255,114,184,0,0,0,191,201,212,189,214,201,379,373,480,480,575,534,546,480,480,420,498,487,461,443,521,460,679,674]} 1. d4 Nf6 2. c4 e6 3. Nc3 Bb4 4. Qc2 c5 5. dxc5 Bxc5 6. Nf3 O-O 7. Bf4 {LiveBook: 57 Games} Nh5 {E39: Nimzo-Indian: Classical: 4...c5 5 dxc5 0-0} (7... b6 8. e3 Bb7 9. Be2 Be7 10. Rd1 a6 11. h3 d6 12. O-O Qc7 13. Rd2 Nbd7 14. Rfd1 Ne5 15. Nxe5 dxe5 {½-½ (70) Svane,R (2543)-Matlakov,M (2689) Berlin 2015}) 8. Bg5 $146 ({Predecessor:} 8. Bg3 Nxg3 9. hxg3 f5 10. g4 Na6 11. gxf5 exf5 12. e3 Nc7 13. Bd3 g6 14. O-O-O d6 15. Rh6 {1-0 (24) Jakab,A (2358)-Nagy,Z (2266) Budapest 2003}) 8... Be7 9. h4 Nc6 {White has an edge.} 10. e4 Nf6 11. e5 Ng4 12. Qe4 f5 13. exf6 $1 Nxf6 14. Bxf6 gxf6 15. O-O-O Bb4 16. Qc2 Qa5 17. Kb1 Bxc3 18. bxc3 Qc5 19. Bd3 Qe7 (19... Rf7 $1 $11 {remains equal.}) 20. Rh3 a5 (20... Kh8 $142) 21. Ng5 f5 (21... fxg5 $16 22. hxg5 Qc5) 22. g4 $1 $18 fxg4 ({Reject} 22... h6 $6 23. gxf5 exf5 24. Nf3) 23. Bxh7+ Kh8 24. Re3 a4 $2 (24... Rf6 {was worth a try.} 25. Bg6 Rb8) 25. Qg6 Ra5 26. Rh1 Ne5 27. Qh6 (27. Qh5 $1 $18 {and the rest is easy.}) 27... Rf6 (27... Qg7 $16 {might work better.} 28. Qh5 Rf6) 28. Bg6+ $2 (28. Qh5 $1 $18) 28... Kg8 $11 29. Bh7+ $2 (29. Rxe5 $11 Rxe5 30. Bh7+ Kh8 31. Bg6+ Kg8 32. Bh7+ Kh8 33. Bg6+ Kg8) 29... Kh8 $18 {[#]} 30. Qh5 $1 ({Resist} 30. Bg6+ $6 Kg8 $16) 30... Kg7 {[#] aiming for ...Rh6.} 31. Rxe5 $1 Rxe5 32. Qxg4 $40 {[%mdl 128] Strongly threatening Bc2. White attacks with force.} Kf8 $2 (32... Rh6 33. Be4 (33. Nf3+ Kxh7 34. Nxe5 Qf8 $16) 33... Rxg5 34. hxg5 Rxh1+ 35. Bxh1 Qd6) 33. Bc2 Ke8 34. Nh7 Kd8 35. Nxf6 Qxf6 36. h5 Rg5 37. Qd4 e5 38. Qe3 {White is clearly winning.} Qh6 39. Bxa4 Kc7 40. c5 Kb8 (40... b5 $142 41. Bxb5 Bb7) 41. Kb2 {Precision: White = 66%, Black = 39%.} 1-0

[Event "Top 12 FRA-chT 2017"]
[Site "Chartres"]
[Date "2017.05.22"]
[Round "5"]
[White "Libiszewski, Fabien"]
[Black "Bellaiche, Anthony"]
[Result "1-0"]
[WhiteElo "2544"]
[BlackElo "2471"]
[Annotator "TA"]
[PlyCount "87"]
[EventDate "2017.??.??"]
[EventType "team-tourn"]
[EventCountry "FRA"]
[SourceTitle "playchess.com"]
[Source "ChessBase"]
[SourceQuality "1"]
[WhiteTeam "Grasse Echecs"]
[BlackTeam "Tremblay-En-France"]

{[%evp 24,87,28,10,8,2,41,0,28,3,13,14,21,16,23,25,33,33,33,30,31,35,37,31,27,27,47,32,32,31,29,31,76,34,103,103,135,123,170,175,226,152,153,153,157,152,160,153,151,152,216,216,217,205,256,160,330,308,29973,29974,29985,29986,29986,29987,29987,29986]} 1. e4 e5 2. Nf3 Nc6 3. Bb5 a6 4. Ba4 Nf6 5. d3 d6 6. c3 Be7 7. Nbd2 {[%cal Bb1d2,Bd2f1,Bf1e3,Be3c4][%mdl 32]} b5 8. Bb3 O-O 9. O-O Na5 10. Bc2 c5 11. Re1 Nd7 12. Nf1 Nc6 13. a4 {[#] LiveBook: 7 Games. With the idea axb5. C90: Closed Ruy Lopez with 7...d6: Early deviations} b4 $146 ({Predecessor:} 13... Nb6 14. axb5 axb5 15. Rxa8 Nxa8 16. Ne3 Nb6 17. Nd5 Nxd5 18. exd5 Nb8 19. d4 exd4 20. cxd4 c4 {½-½ (35) Andriasian,Z (2532)-Naiditsch,A (2638) Moscow 2008}) 14. Ne3 Rb8 15. Nd2 {White is slightly better.} (15. a5 $5) 15... Na5 16. Nb3 Nxb3 17. Bxb3 a5 18. Nc4 Ra8 19. Be3 Nb6 20. d4 Nxc4 21. Bxc4 cxd4 22. cxd4 Bg5 23. dxe5 Bxe3 24. Rxe3 dxe5 25. Bd5 Rb8 26. Rc1 Qe7 27. Rd3 Be6 28. Bxe6 Qxe6 (28... fxe6 $14 29. Rd7 Qf6) 29. Rc5 $16 Rbc8 30. Rxa5 Qc4 31. Rxe5 b3 (31... Qa2 $142 32. Red5 b3 33. Rxb3 Qxa4) 32. h4 Qxa4 33. Qxb3 Rc1+ 34. Kh2 Qa7 35. Rd2 Qc7 36. Qg3 g6 (36... Rc4 $16 {keeps fighting.} 37. f3 Qb6) 37. Red5 $18 Qe7 38. Qf4 Re1 39. e5 Qc7 $2 (39... Re8 $16 40. Rd7 Qxe5 41. Rxf7 Qxf4+ 42. Rxf4 R1e7) 40. Qf6 Re8 $2 {[#]} (40... h5 $18 41. b4 Re8) 41. f4 $1 {White mates.} Qc1 42. Rd8 {[%cal Rd8e8]} Rh1+ 43. Kg3 {[%cal Rd8e8]} Qe1+ 44. Kg4 {Precision: White = 56%, Black = 29%.} 1-0